000 00514cam a22002171 4500
001 sa 65002044
003 DLC
005 20260227112114.0
008 940913s1962 ii 000 0 maro
010 _asa 65002044
025 _aPL480:I-Mar-751
035 _a(OCoLC)31095387
040 _aDLC
_cCU
_dCU
_dDLC
042 _apremarc
050 0 0 _aPK2418.B3275
_bM3
100 1 _aBarve, Acyuta,
_d1927-
245 1 0 _aMātīcā vāsa.
260 _c[1962]
300 _a198 p.
_c19 cm.
500 _aIn Marathi.
999 _c62410
_d62410